Представление документа в формате MARC21

Поле Инд. ПП Название Значение
Тип записи a
Библиографический уровень m
001 Контрольный номер b6cf66b9-1a60-46a1-8581-ff01926a9fae
005 Дата корректировки 20131112070524.5
008 Кодируемые данные 001214 d
020 a ISBN 5-7036-0063-4
c Цена, тираж 17.25
040 a Служба первич. каталог. НБ ТвГУ
041 a Код языка текста rus
080 a Индекс УДК 519.876
084 a Индекс другой классификации/Индекс ББК З817
090 x Авторский знак С13
a Полочн. индекс З817
100 1_ a Автор Савин Геннадий Иванович
245 10 a Заглавие Системное моделирование сложных процессов
c Ответственность Г. И. Савин
260 0_ a Место издания Москва
b Издательство ФАЗИС : ВЦ РАН
c Дата издания 2000
300 a Объем 274,[1] с.
b Иллюстрации/ тип воспроизводства ил.
440 a Серия Мат. моделирование
490 _0 v N тома Вып. 3
504 a Библиография Библиогр.: с.275.
583 a Действие Получение впервые 355 02.11.2000
k Исполнитель действия Дар РГГУ
650 a Основная рубрика Сложные системы
x Основная подрубрика Моделирование математическое
653 a Ключевые слова Сложные системы
a Ключевые слова Системы моделирования
a Ключевые слова Моделирование сложных процессов
a Ключевые слова Математическое моделирование
852 t Порядковый номер экземпляра 1
p Инвентарный номер 727747
888 a Бесплатные
952 p 355.2000 17.25 1 727747
c Вид литературы К рн
954 a Дата поступления на обработку 20001113
999 a Подразделение 2 Фил3